| 000 | 01103nam a22003017a 4500 | ||
|---|---|---|---|
| 001 | 6076 | ||
| 003 | FISKH | ||
| 005 | 20250307133128.0 | ||
| 008 | 250306b cb ||||| |||| 00| 0 eng d | ||
| 020 | _a978059046360 | ||
| 040 |
_aFISKH _beng _cFISKH _dFISKH |
||
| 050 | _aGT4403 .M33 | ||
| 082 | _a394.261 | ||
| 100 |
_aMedearis, Shelf Angela _d(1956-) |
||
| 245 | _aThe Seven days of Kwanzaa / | ||
| 250 | _aThis edition first published in 1994 | ||
| 260 |
_aNew York : _bScholastic, _c1994 |
||
| 300 |
_a111 pages : _billustrations ; _c20 cm |
||
| 505 | _aZ | ||
| 520 | _aEvery year, for seven days beginning December 26th, African-Americans celebrate their heritage during the Kwanzaa holiday. In this book, you will find recipes for African dishes to make a Kwanzaa feast, and instructions for making masks, African toe puppets, and other Kwanzaa gifts. | ||
| 521 | 8 |
_a990
_bLexile |
|
| 521 | 8 |
_aZ
_bRaz-Plus |
|
| 650 |
_2Kwanzaa _aHoliday |
||
| 650 |
_2Winter holidays bin _aSeven candles |
||
| 700 |
_aB.A. Shea, Patricia _dillustrator |
||
| 942 |
_2ddc _cBK _n0 |
||
| 999 |
_c6076 _d6076 |
||